| 000 | 00647nam a22001817a 4500 | ||
|---|---|---|---|
| 999 |
_c16718 _d16718 |
||
| 003 | AR-CdUCM | ||
| 008 | 190504b ||||| |||| 00| 0 spa d | ||
| 040 |
_aMUNICIPALIDAD PROVINCIAL DEL CUSCO _cBIBLIOTECA MUNICIPAL DEL CUSCO |
||
| 082 |
_a329.985 / _bN89 |
||
| 110 |
_aSecretaría de cultura del comité ejecutivo nacional del P.S.N. _936316 |
||
| 245 | _aNuestro partido / | ||
| 260 |
_aLima : _bSecretaría de cultura del comité ejecutivo nacional del P.S.N., _c1944 |
||
| 300 |
_a160 páginas ; _c18 cm. |
||
| 505 | _aContenido :Nuestro partido. | ||
| 650 |
_aPartidos políticos. _91565 |
||
| 942 |
_2ddc _cLIBROS |
||
| 945 |
_arum _d2019-05-04 |
||